1827 1281 1810 1192 1106 1769 1849 1708 1397 1585 1122 1060 1852 1585 2000 1091 1851 1801 1391 1745 1249 1086 1527 1848 1078 1751 1539 1235 1677 1175 1837 1503 1639 1348 1296 1526 1607 1642 1407 1057 1924 1687 1620 1853 1742 1973 1294 1266 1779 1963 1708 1620 1100 1448 1753 1993 1314 1138 1601 1230 1019 1923 1679 1246 1804 1532 1697 1827 1414 1304 1781 1843 1977 1029 1973 1922 1463 1305 1032 1599 1760 1348 1283 1253 1450 1864 1856 1326 1688 1409 1616 1652 1174 1221 1509 1043 1952 1725 1567 BCNSPRNW ULIB Ver.6.0+V

เปลี่ยนเป็นภาษาไทย

Change to English
 แสดงรายละเอียดบรรณานุกรม
  กลับหน้าหลัก

Brief Record : Get Marc (ISO 2709) : E-mail record : QR code < ปิดหน้าต่าง
LEADER : 00000nam 2200000uu 4500
001    13399129199
003     ULIB
008    260511s2568||||th 000 0 tha d
020 ^  ^a9789740343783
060 0  ^aWY106^bป571ร
100 ^  ^aปาหนัน กนกวงศ์นุวัฒน์
245 1  ^aระบบสุขภาพยุคใหม่กับการพยาบาลชุมชนในยุคดิจิทัล /^cปาหนัน กนกวงศ์นุวัฒน์.
250 ^  ^aพิมพ์ครั้งที่ 1.
260 ^  ^aกรุงเทพฯ :^bสำนักพิมพ์จุฬาลงกรณ์มหาวิทยาลัย,^c2568
300 ^  ^a144 หน้า ;^c26 ซม
505 2  ^aแนวคิดระบบสุขภาพ -- แนวโน้มของสังคมที่ส่งผลต่อพยาบาลชุมชน -- นโยบายแผนพัฒนาสุขภาพและกฎหมายที่เกี่ยวข้อง -- ทักษะดิจิทัลสำหรับพยาบาลชุมชน -- การเตรียมความพร้อมของพยบาลชุมชนในยุคดิจิทัล.
650 ^  ^aการพยาบาลอนามัยชุมชน.
650 ^  ^aบริการอนามัยชุมชน.
999    ^aประนอม เกษจรัล
รายการนี้ยังไม่มีแท็ก
คุณยังไม่ได้ล็อกอิน คุณสามารถมีกิจกรรมร่วมกับเว็บไซต์ได้ แต่ต้องล็อกอินก่อน ::
  ล็อกอิน

รายการสื่อสารสนเทศ

ลำดับที่ ประเภท เลขเรียก/บาร์โค้ด สถานที่ สถานะ
1. Book การพยาบาล
หนังสือสำรอง
สถานะ=หนังสือสำรอง
WY106 ป571ร ฉ.1 
  Barcode: 012128
ห้องสมุดวิทยาเขตสวรรค์ประชารักษ์
►หนังสือทั่วไป
บนชั้น
*เพิ่งรับคืน
2. Book การพยาบาล
Book การพยาบาล
WY106 ป571ร ฉ.2 
  Barcode: 012129
ห้องสมุดวิทยาเขตสวรรค์ประชารักษ์
►หนังสือทั่วไป
บนชั้น
*เพิ่งรับคืน
3. Book การพยาบาล
Book การพยาบาล
WY106 ป571ร ฉ.3 
  Barcode: 012130
ห้องสมุดวิทยาเขตสวรรค์ประชารักษ์
►หนังสือทั่วไป
บนชั้น
*เพิ่งรับคืน
4. Book การพยาบาล
Book การพยาบาล
WY106 ป571ร ฉ.4 
  Barcode: 012131
ห้องสมุดวิทยาเขตสวรรค์ประชารักษ์
►หนังสือทั่วไป
บนชั้น
*เพิ่งรับคืน
5. Book การพยาบาล
Book การพยาบาล
WY106 ป571ร ฉ.5 
  Barcode: 012132
ห้องสมุดวิทยาเขตสวรรค์ประชารักษ์
►หนังสือทั่วไป
บนชั้น
*เพิ่งรับคืน

รายการใกล้เคียง
    ผู้แต่ง [ปาหนัน กนกวงศ์นุวัฒน์]

    หัวเรื่อง [การพยาบาลอนามัยชุมชน.]
    หัวเรื่อง [บริการอนามัยชุมชน.]

BibComment


ยังไม่เคยถูกคอมเมนท์

คอมเมนท์ทรัพยากรรายการนี้
  คอมเมนท์: ระบบสุขภาพยุคใหม..


 Copyright 2026. Bcnsprnw @Library